| 000 | 00831nam a22002415a 4500 | ||
|---|---|---|---|
| 003 | OSt | ||
| 005 | 20170122125608.0 | ||
| 008 | 160922s2004 ua frb 000 0 ara d | ||
| 015 | _22002 / 7511 | ||
| 020 | _a9789770437670 | ||
| 040 |
_aEG-ScBUE _bara _cEG-ScBUE _dEG-ScBUE |
||
| 082 | 0 | 4 |
_a344.04197 _bع ت ي _222 |
| 100 | 1 | _aعتيق، السيد. | |
| 245 | 1 | 2 |
_aالقتل بدافع الشفقة / _cالسيد عتيق. |
| 260 |
_aالقاهرة : _bدار النهضة العربية، _c2004. |
||
| 300 |
_a176 ص. ؛ _c24 سم. |
||
| 504 | _aيشتمل على إرجاعات ببليوجرافية. | ||
| 650 | 7 |
_aالقتل الرحيم _xقوانين وتشريعات. _2BUEsh |
|
| 650 | 7 |
_aالقتل الرحيم (فقه إسلامي) _2BUEsh |
|
| 651 | _2BUEsh | ||
| 653 |
_bLLAAWW _cJanuary2017 |
||
| 942 | _2ddc | ||
| 999 |
_c23978 _d23950 |
||